| 000 | 01625cam a2200337 i 4500 | ||
|---|---|---|---|
| 003 | SA-RiAUC | ||
| 005 | 20251203134650.0 | ||
| 008 | 251128s1964 su f z f000r0 ara c | ||
| 040 |
_aSA-RiKSU _bara _cSA-RiAUC _erda |
||
| 041 | 1 |
_aara _aeng |
|
| 043 | _aa-su--- | ||
| 082 | 0 | 4 | _a338.2728209531 |
| 090 |
_a338.2728209531 _bس ع و |
||
| 110 |
_aالسعودية _eمؤلف |
||
| 130 | 0 |
_aاتفاقية الزيت _d(1949) |
|
| 245 | 1 | 0 | _aاتفاقية الزيت بين حكومة المملكة العربية السعودية وباسيفيك وسترن كوربوريشن 1368 هـ = 1949 م. |
| 250 | _aالطبعة الرابعة. | ||
| 264 | 1 |
_aمكة المكرمة : _bمطبعة الحكومة، _c1964 |
|
| 300 |
_a30، 30 صفحة ؛ _c24 × 12 سم |
||
| 336 |
_aنص _btxt _2rdacontent _3كتاب |
||
| 337 |
_aبدون وسيط _bn _2rdamedia |
||
| 338 |
_aمجلد _bnc _2rdacarrier |
||
| 546 | _aالنص باللغتين العربية والإنجليزية | ||
| 650 | 7 |
_aالبترول _zالسعودية _xمعاهدات _2aucsh |
|
| 651 | 7 |
_aالسعودية _xعلاقات اقتصادية خارجية _xمعاهدات _zالولايات المتحدة الأمريكية _2aucsh |
|
| 651 | 7 |
_aالولايات المتحدة الأمريكية _xعلاقات اقتصادية خارجية _xمعاهدات _zالسعودية _2aucsh |
|
| 710 | 2 |
_aباسيفيك وسترن كوربوريشن (ديلور، الولايات المتحدة الأمريكية) _eمؤلف. |
|
| 856 | 4 | _uhttp://10.0.0.80/gov6/mo859.pdf | |
| 942 |
_2ddc _cBOOK _n0 |
||
| 949 |
_aSA-JeALM _d251128 _umohamedma123 _n1 |
||
| 999 |
_c13464 _d13464 |
||